| 000 | 00565nam a2200181Ia 4500 | ||
|---|---|---|---|
| 003 | GCL | ||
| 008 | 140319s9999 xx 000 0 eng d | ||
| 040 |
_aGCL / _cGCL |
||
| 082 | 0 | 4 |
_aCC _b916.23 _bN M |
| 100 | 1 | _aHENEIN, NESSIM HENERY | |
| 245 | 1 | 0 |
_aMARI GIRGIS VILLAGE DE HAUTE - EGYPTE / _cHENEIN, NESSIM HENERY |
| 260 |
_aالقاهرة : _bINSTITUTE FRANCAIS D'ARCHEOLOGIE ORIETAL ، _c1988 |
||
| 300 |
_a32 CM ؛ _c443 P |
||
| 650 | 0 | 4 | _aGEOGRAPHY |
| 650 | 0 | 4 | _aMARI GIRGES, EGYPT - TRAVELS |
| 650 | 0 | 4 | _aMARI GIRGIS, EGYPT - DESCRIPTION |
| 942 |
_2ddc _cBK |
||
| 999 |
_c16416 _d16416 |
||